| 000 | 00615nam a2200193 i 4500 | ||
|---|---|---|---|
| 001 | 50585 | ||
| 003 | ES-MaACL | ||
| 005 | 20230906162214.0 | ||
| 007 | t| | ||
| 008 | 030805s1981 sp ||||1| spa d | ||
| 100 | 1 |
_aCunningham, John E. _942186 |
|
| 245 | 1 | 0 |
_aControl remoto y automatización / _cJohn E. Cunningham ; [traducida por Alejandro Yaque Herrador]. |
| 260 |
_aMadrid : _bParaninfo, _c1981. |
||
| 300 |
_a307 p. : _bil. ; _c22 cm. |
||
| 650 | 0 | 4 |
_aControl remoto. _911345 |
| 650 | 0 | 4 |
_aControl automático. _911337 |
| 700 | 1 |
_aYaque Herrador, Alejandro. _9117578 |
|
| 852 |
_aES-MaACL _jL-948 _bR.101677 |
||
| 999 |
_c50585 _d50585 |
||